| 000 | 00541nam a2200193Ia 4500 | ||
|---|---|---|---|
| 003 | BUBTL | ||
| 008 | 151213s9999 xx 000 0 und d | ||
| 020 | _a0-675-21012-7 | ||
| 082 | _a658.8/CRS | ||
| 100 |
_aPaul D. Chaeties _92555 |
||
| 245 |
_aSales-pro ; Sales Management Simulation _cPaul D. Chaeties |
||
| 260 |
_aU S A _bMerhill _c1989 |
||
| 300 |
_a46p.: _b28cm. _cMarketing. |
||
| 650 |
_aMarketing _92556 |
||
| 700 |
_aPaul D. Chaeties _92555 |
||
| 856 |
_k0 _l0 _yDownload |
||
| 942 |
_2ddc _cBK |
||
| 999 |
_c2004 _d2004 |
||